[Event "Titled Tue 17th Jun Early"]
[Site "chess.com INT"]
[Date "2025.06.17"]
[Round "4"]
[White "Sapocinic, Semion"]
[Black "Hoang, Thi Bao Tram"]
[Result "1-0"]
[WhiteTitle "FM"]
[BlackTitle "WGM"]
[WhiteElo "2296"]
[BlackElo "2163"]
[WhiteFideId "13908693"]
[BlackFideId "12401102"]
[EventDate "2025.06.17"]

1. d4 d5 2. c4 dxc4 3. Nf3 c5 4. e3 cxd4 5. exd4 Nf6 6. Bxc4 e6 7. O-O Be7 8.
Nc3 O-O 9. Re1 a6 10. Bg5 b5 11. Bb3 Bb7 12. Qd3 h6 13. Bh4 Nbd7 14. Rad1 b4 15.
Na4 Rc8 16. Qe2 Nd5 17. Bxe7 Qxe7 18. Ne5 Nxe5 19. Qxe5 Bc6 20. Nc5 Qa7 21. Rd3
a5 22. Rg3 g6 23. Bc2 Kh7 24. Nxe6 Rg8 25. Ng5+ 1-0

[Event "Titled Tue 17th Jun Early"]
[Site "chess.com INT"]
[Date "2025.06.17"]
[Round "4"]
[White "Rosh, Jain"]
[Black "Reshetnikov, Alexey"]
[Result "0-1"]
[WhiteTitle "FM"]
[BlackTitle "IM"]
[WhiteElo "2299"]
[BlackElo "2492"]
[WhiteFideId "25789465"]
[BlackFideId "4162080"]
[EventDate "2025.06.17"]

1. e4 c5 2. Nf3 Nc6 3. Bb5 e6 4. Bxc6 bxc6 5. O-O Ne7 6. d3 Qc7 7. Nbd2 Ng6 8.
Nb3 Be7 9. Be3 d6 10. c4 e5 11. Nbd2 O-O 12. a3 a5 13. b3 Rb8 14. Ne1 f5 15.
exf5 Bxf5 16. Ne4 Qd7 17. Ng3 Be6 18. h3 Nf4 19. Bxf4 Rxf4 20. Nf3 Rbf8 21. Nd2
d5 22. Qe2 Bd6 23. Nh5 R4f5 24. Rae1 Qf7 25. Ng3 Rf4 26. Nf3 Rxf3 27. Qxf3 Qxf3
28. gxf3 Bxh3 29. cxd5 cxd5 30. f4 exf4 31. Nh5 g6 32. Kh2 Bxf1 33. Rxf1 gxh5
34. Re1 Kf7 35. Kh3 Rb8 36. Rb1 a4 37. b4 cxb4 38. axb4 Rxb4 39. Ra1 Rd4 40. Kh4
a3 41. Kxh5 Rxd3 42. Kg5 Rd2 43. Kf5 Rxf2 44. Rh1 a2 45. Rxh7+ Kg8 46. Ra7 Bf8
47. Kf6 a1=Q+ 48. Rxa1 Bg7+ 49. Kg6 Bxa1 50. Kf5 0-1

[Event "Titled Tue 17th Jun Early"]
[Site "chess.com INT"]
[Date "2025.06.17"]
[Round "4"]
[White "Essing, Arnold"]
[Black "Nakonechnyi, Oleksii"]
[Result "0-1"]
[WhiteTitle "FM"]
[BlackTitle "CM"]
[WhiteElo "2197"]
[BlackElo "2222"]
[WhiteFideId "4619862"]
[BlackFideId "34173714"]
[EventDate "2025.06.17"]

1. d4 Nf6 2. Nf3 c6 3. c4 d6 4. Nc3 Bg4 5. d5 c5 6. e4 Nbd7 7. Be2 Bxf3 8. Bxf3
g6 9. O-O Bg7 10. g3 O-O 11. Bg2 Ne8 12. Be3 a6 13. a4 Nc7 14. Qd2 Rb8 15. Qe2
b6 16. f4 Rb7 17. Bf2 Qb8 18. Bh3 Rd8 19. Bxd7 Rxd7 20. e5 Rd8 21. g4 b5 22.
axb5 axb5 23. Bh4 Re8 24. cxb5 Nxb5 25. Nxb5 Rxb5 26. Ra8 Qxa8 27. Qxb5 dxe5 28.
Qd7 exf4 29. Bxe7 Bd4+ 30. Kg2 Qb8 31. Bd6 Qxb2+ 32. Kh3 Re3+ 33. Kh4 Qxh2+ 34.
Kg5 h6# 0-1

[Event "Titled Tue 17th Jun Early"]
[Site "chess.com INT"]
[Date "2025.06.17"]
[Round "4"]
[White "Aradhya, Garg"]
[Black "Olhovik, Andrei"]
[Result "1-0"]
[WhiteTitle "IM"]
[BlackTitle "FM"]
[WhiteElo "2370"]
[BlackElo "2282"]
[WhiteFideId "25006746"]
[BlackFideId "13507397"]
[EventDate "2025.06.17"]

1. d4 d5 2. c4 e6 3. Nf3 c5 4. cxd5 exd5 5. g3 Nc6 6. Bg2 Nf6 7. O-O Be7 8. a3
c4 9. Ne5 O-O 10. Nc3 Be6 11. Bg5 h6 12. Bxf6 Bxf6 13. f4 Ne7 14. Kh1 b5 15. e4
Bxe5 16. dxe5 d4 17. Nxb5 d3 18. Nd6 Nc8 19. f5 Nxd6 20. fxe6 Nb5 21. exf7+ Rxf7
22. Rxf7 Kxf7 23. Qa4 Nc7 24. Qxc4+ Ne6 25. Bh3 d2 1-0

[Event "Titled Tue 17th Jun Early"]
[Site "chess.com INT"]
[Date "2025.06.17"]
[Round "4"]
[White "Harsh, Suresh"]
[Black "Bratovic, Blaz"]
[Result "1-0"]
[WhiteTitle "IM"]
[BlackTitle "IM"]
[WhiteElo "2392"]
[BlackElo "2319"]
[WhiteFideId "45018464"]
[BlackFideId "14603551"]
[EventDate "2025.06.17"]

1. b3 e5 2. Bb2 Nc6 3. c4 Nf6 4. Nf3 d6 5. e3 g6 6. d4 exd4 7. Nxd4 Bg7 8. Nxc6
bxc6 9. Be2 O-O 10. O-O h5 11. Bf3 Rb8 12. Bxc6 h4 13. h3 g5 14. Bf3 Bf5 15. Nc3
Qd7 16. Nd5 Nxd5 17. Bxg7 Nxe3 18. Qd2 Kxg7 19. Qxe3 f6 20. Qxa7 Rb6 21. Rac1
Rf7 22. c5 dxc5 23. Rxc5 g4 24. hxg4 Bxg4 25. Bxg4 Qxg4 26. Rxc7 Rxc7 27. Qxc7+
Kg6 28. Qxb6 h3 29. Qc6 1-0

[Event "Titled Tue 17th Jun Early"]
[Site "chess.com INT"]
[Date "2025.06.17"]
[Round "4"]
[White "Celik, Ali Alper"]
[Black "Ahn, Hongjin"]
[Result "0-1"]
[WhiteTitle "FM"]
[BlackTitle "IM"]
[WhiteElo "2213"]
[BlackElo "2304"]
[WhiteFideId "44569955"]
[BlackFideId "13201492"]
[EventDate "2025.06.17"]

1. e4 c5 2. Nc3 a6 3. Nge2 b5 4. g3 Bb7 5. Bg2 e6 6. O-O b4 7. Na4 Nf6 8. d3 d5
9. exd5 Nxd5 10. Re1 Be7 11. Nf4 Ra7 12. Qg4 Nxf4 13. Bxf4 Bxg2 14. Kxg2 O-O 15.
Be5 g6 16. b3 Nc6 17. Bb2 Rc7 18. Re2 Bf6 19. Bxf6 Qxf6 20. Nxc5 Qxa1 21. Nxa6
Rcc8 22. Nc5 0-1

[Event "Titled Tue 17th Jun Early"]
[Site "chess.com INT"]
[Date "2025.06.17"]
[Round "4"]
[White "Maximov, Dmitry"]
[Black "Puranik, Abhimanyu"]
[Result "0-1"]
[WhiteTitle "GM"]
[BlackTitle "GM"]
[WhiteElo "2476"]
[BlackElo "2622"]
[WhiteFideId "14105659"]
[BlackFideId "5061245"]
[EventDate "2025.06.17"]

1. e4 e6 2. d4 d5 3. e5 c5 4. c3 Nc6 5. Nf3 Bd7 6. Be2 Nge7 7. O-O Ng6 8. Be3
cxd4 9. cxd4 f6 10. exf6 Qxf6 11. Bg5 Qf7 12. Nc3 Nf4 13. Re1 Bd6 14. Bxf4 Qxf4
15. Bf1 O-O 16. Ne2 Qh6 17. Ng3 Rf7 18. Re3 Raf8 19. a3 Ne7 20. Qb3 Nf5 21. Nxf5
Rxf5 22. g3 Be8 23. Bg2 Bh5 24. Rf1 Qf6 25. Nd2 Rxf2 26. Qxb7 Qxd4 27. Rxf2 Qxe3
28. Nf3 Bc5 0-1

[Event "Titled Tue 17th Jun Early"]
[Site "chess.com INT"]
[Date "2025.06.17"]
[Round "4"]
[White "Asish Panda"]
[Black "Burmakin, Evgeniy"]
[Result "1-0"]
[BlackTitle "FM"]
[WhiteElo "1911"]
[BlackElo "2110"]
[WhiteFideId "45012458"]
[BlackFideId "4163729"]
[EventDate "2025.06.17"]

1. e4 c5 2. Nf3 d6 3. d4 cxd4 4. Qxd4 Nf6 5. e5 Nc6 6. Bb5 Qa5+ 7. Nc3 dxe5 8.
Nxe5 Qxb5 9. Nxb5 Nxd4 10. Nxd4 Nd7 11. Nc4 a6 12. Be3 e6 13. O-O-O Be7 14. Rhe1
O-O 15. Nb3 e5 16. Nd6 Nf6 17. Bc5 Nd7 18. Nxc8 Bxc5 19. Nxc5 Nxc5 20. Ne7+ Kh8
21. Rxe5 Ne6 22. g3 Rfe8 23. Nf5 Ng5 24. Rxe8+ Rxe8 25. Nd6 Re7 26. f4 Ne6 27.
Re1 g6 28. Nxf7+ Kg7 29. Ng5 1-0

[Event "Titled Tue 17th Jun Early"]
[Site "chess.com INT"]
[Date "2025.06.17"]
[Round "4"]
[White "Khanbutaev, Artemii"]
[Black "Shukhman, Anna"]
[Result "0-1"]
[BlackTitle "WGM"]
[WhiteElo "2139"]
[BlackElo "2413"]
[WhiteFideId "55747175"]
[BlackFideId "54180058"]
[EventDate "2025.06.17"]

1. d4 d5 2. c4 e5 3. dxe5 Ne7 4. Nf3 Nbc6 5. cxd5 Qxd5 6. Qxd5 Nxd5 7. Bd2 Ndb4
8. Na3 Bf5 9. e3 O-O-O 10. Bc4 Nd3+ 11. Bxd3 Bxd3 12. Rc1 Nb4 13. Ra1 Ba6 14.
Nd4 Nd3+ 15. Kf1 Nxe5+ 16. Kg1 c5 17. Rc1 Kb8 18. Nb3 c4 19. Ba5 b6 20. Bc3 Nd3
21. Nd4 Nxc1 22. Nc6+ Kc8 23. Nxd8 Ne2+ 24. Kf1 Nxc3 25. bxc3 Bxa3 26. Nxf7 Rf8
27. Ne5 Bb2 28. Ke2 Bxc3 29. Nc6 Kc7 30. Ne7 Rd8 31. Rd1 Rxd1 32. Kxd1 Kd7 33.
Nd5 Be5 34. f4 Bd6 35. e4 Bb7 36. Ne3 Bxe4 37. Nxc4 Bxf4 38. g3 Bc7 39. Ke2 b5
40. Ne3 Bb6 41. Ng4 Ke6 42. Kd2 h5 0-1

[Event "Titled Tue 17th Jun Early"]
[Site "chess.com INT"]
[Date "2025.06.17"]
[Round "4"]
[White "Tarnowska, Aleksandra"]
[Black "Tsydypov, Zhamsaran"]
[Result "0-1"]
[WhiteTitle "WCM"]
[BlackTitle "GM"]
[WhiteElo "1882"]
[BlackElo "2514"]
[WhiteFideId "1180967"]
[BlackFideId "4108566"]
[EventDate "2025.06.17"]

1. e4 c5 2. Nf3 d6 3. Bb5+ Nd7 4. O-O Nf6 5. Re1 a6 6. Bxd7+ Nxd7 7. d4 cxd4 8.
Nxd4 g6 9. c4 Bg7 10. Nc3 O-O 11. b3 Nc5 12. Bb2 Bg4 13. Qd2 Bd7 14. f4 e5 15.
Nf3 Bg4 16. Nd5 Re8 17. fxe5 dxe5 18. Rad1 Bxf3 19. gxf3 Ne6 20. Qf2 Qg5+ 21.
Qg3 Qh5 22. Ba3 Kh8 23. Nb6 Rad8 24. Nd5 Nd4 25. Re3 Nc2 26. Bc1 Nxe3 27. Bxe3
f5 28. Bg5 Rd6 29. Kg2 fxe4 30. Nf6 exf3+ 31. Kf2 Bxf6 32. Rxd6 Bxg5 0-1

[Event "Titled Tue 17th Jun Early"]
[Site "chess.com INT"]
[Date "2025.06.17"]
[Round "4"]
[White "Ilinca, Felix-Antonio"]
[Black "Asensio Ramos, Enrique Fernando"]
[Result "1-0"]
[WhiteTitle "IM"]
[BlackTitle "CM"]
[WhiteElo "2431"]
[BlackElo "2200"]
[WhiteFideId "54764998"]
[BlackFideId "2214172"]
[EventDate "2025.06.17"]

1. d4 d5 2. Nc3 e5 3. dxe5 d4 4. Ne4 Qd5 5. Ng3 Nc6 6. Nf3 Bg4 7. e4 Qa5+ 8. Bd2
Bb4 9. a3 Bxd2+ 10. Qxd2 Qxd2+ 11. Nxd2 Nxe5 12. f4 Nc6 13. f5 Nf6 14. h3 Nh5
15. Nxh5 Bxh5 16. g4 Bg6 17. Bb5 O-O-O 18. Bxc6 bxc6 19. fxg6 hxg6 20. Ke2 c5
21. Raf1 f6 22. Kd3 Kd7 23. b4 cxb4 24. axb4 Kc6 25. Ra1 Kb7 26. Ra5 g5 27. Nb3
c6 28. Nc5+ Kb8 29. Ne6 Rd7 30. Nxd4 g6 31. Ke3 Kb7 32. Nb3 Rdh7 33. Nc5+ Kb8
34. Ra6 Rxh3+ 35. Rxh3 Rxh3+ 36. Kd4 Rg3 37. Rxc6 Rxg4 38. Rxf6 Rg1 39. Rxg6 g4
40. Kd5 Kc7 41. Rg7+ Kd8 42. Ke6 Kc8 43. Kd6 Rd1+ 44. Kc6 Kd8 45. Rxg4 Ke7 46.
Rg7+ Kf6 47. Rxa7 Ke5 48. Re7+ Kf6 49. Re6+ Kf7 50. Rd6 Rc1 51. Rd2 Ke7 52. b5
Ke8 53. b6 Ke7 54. b7 Rd1 55. Rxd1 1-0

[Event "Titled Tue 17th Jun Early"]
[Site "chess.com INT"]
[Date "2025.06.17"]
[Round "4"]
[White "Ndirangu, Nyaruai, Joyce"]
[Black "Bacus, Dharim"]
[Result "0-1"]
[WhiteTitle "WCM"]
[BlackTitle "FM"]
[WhiteElo "1909"]
[BlackElo "2131"]
[WhiteFideId "10802886"]
[BlackFideId "5201527"]
[EventDate "2025.06.17"]

1. d4 Nf6 2. Bf4 e6 3. e3 c5 4. c3 Nc6 5. Nd2 Be7 6. Ngf3 Nh5 7. Bg3 b6 8. Be2
Bb7 9. Qc2 Rc8 10. Rd1 O-O 11. O-O cxd4 12. exd4 Nxg3 13. hxg3 f5 14. Nb3 f4 15.
gxf4 Rxf4 16. Bd3 Nb4 17. Bxh7+ Kh8 18. Qb1 Rxf3 19. gxf3 Bd6 20. Qg6 Qh4 21.
Kg2 Qh2# 0-1

[Event "Titled Tue 17th Jun Early"]
[Site "chess.com INT"]
[Date "2025.06.17"]
[Round "4"]
[White "Newansa, M Esandi"]
[Black "Lisenkov, Svyatoslav"]
[Result "0-1"]
[WhiteTitle "WCM"]
[BlackTitle "CM"]
[WhiteElo "1945"]
[BlackElo "2283"]
[WhiteFideId "9999060"]
[BlackFideId "34264183"]
[EventDate "2025.06.17"]

1. d4 Nf6 2. Bf4 c5 3. d5 e6 4. c4 exd5 5. cxd5 d6 6. Nc3 g6 7. e4 Bg7 8. Nf3
O-O 9. Bd3 b5 10. O-O c4 11. Bc2 a6 12. a4 b4 13. Ne2 Re8 14. Qd4 b3 15. Bb1 Nh5
16. Qd2 Nxf4 17. Nxf4 Qf6 18. e5 dxe5 19. Ne2 Bg4 20. Be4 Nd7 21. Qe3 Qd6 22. h3
Bxf3 23. Bxf3 e4 24. Bxe4 f5 25. f3 fxe4 26. fxe4 Qxd5 27. Rad1 Qxe4 28. Qxe4
Rxe4 29. Ng3 Re7 30. Rd6 Be5 31. Rd5 Bxg3 32. Rfd1 Nf6 33. R5d4 Rae8 34. Rd8
Rxd8 35. Rxd8+ Kf7 36. Rd1 c3 37. bxc3 b2 38. Rb1 Re1+ 39. Rxe1 Bxe1 40. Kh2
b1=Q 41. c4 Ne4 42. c5 Bg3# 0-1

[Event "Titled Tue 17th Jun Early"]
[Site "chess.com INT"]
[Date "2025.06.17"]
[Round "4"]
[White "Sabatier, Mathis"]
[Black "Zepeda Berlanga, Jan Enrique"]
[Result "1-0"]
[WhiteTitle "CM"]
[BlackTitle "CM"]
[WhiteElo "2235"]
[BlackElo "1984"]
[WhiteFideId "26029685"]
[BlackFideId "5132355"]
[EventDate "2025.06.17"]

1. d4 Nf6 2. Nf3 d5 3. g3 g6 4. Bg2 Bg7 5. O-O O-O 6. c4 c6 7. Re1 Bf5 8. Nc3
Ne4 9. Nh4 Nxc3 10. bxc3 Be6 11. cxd5 cxd5 12. Rb1 Qc7 13. e4 Rd8 14. Qd3 dxe4
15. Bxe4 Bd5 16. Bf4 e5 17. Bxd5 Rxd5 18. Qf3 Qc6 19. Bxe5 Bxe5 20. dxe5 Nd7 21.
c4 Nxe5 22. Qxd5 1-0

[Event "Titled Tue 17th Jun Early"]
[Site "chess.com INT"]
[Date "2025.06.17"]
[Round "4"]
[White "Gales, Randi-Ioan"]
[Black "Terlouw, Wouter"]
[Result "1-0"]
[WhiteTitle "CM"]
[BlackTitle "CM"]
[WhiteElo "2243"]
[BlackElo "2196"]
[WhiteFideId "1285360"]
[BlackFideId "1087401"]
[EventDate "2025.06.17"]

1. d4 Nf6 2. c4 e5 3. dxe5 Ng4 4. Bf4 Nc6 5. Nf3 Bb4+ 6. Nbd2 Qe7 7. e3 Ngxe5 8.
Nxe5 Nxe5 9. Be2 d6 10. O-O Be6 11. Nb3 a5 12. a3 Nxc4 13. axb4 Nxb2 14. Qc2 a4
15. Qxb2 Bxb3 16. Qxb3 axb3 17. Rxa8+ Kd7 18. Rxh8 Qe4 19. Bg4+ f5 20. Bf3 Qd3
21. Rd1 Qc2 22. Be5 Ke6 23. Bxg7 Kf7 24. Bd4 c5 25. bxc5 dxc5 26. Ba1 b2 27.
Bxb2 Qxb2 28. Rxh7+ Kg6 29. Rxb7 Qc2 30. Rd6+ Kg5 31. Rg7+ Kh4 32. Rh6# 1-0

[Event "Titled Tue 17th Jun Early"]
[Site "chess.com INT"]
[Date "2025.06.17"]
[Round "4"]
[White "Kozak, Magdalena"]
[Black "Jacobsen, Mikkel Manosri"]
[Result "0-1"]
[WhiteTitle "WIM"]
[BlackTitle "FM"]
[WhiteElo "2176"]
[BlackElo "2223"]
[WhiteFideId "1124757"]
[BlackFideId "1444514"]
[EventDate "2025.06.17"]

1. Nf3 c5 2. c4 b6 3. g3 Bb7 4. Bg2 g6 5. O-O Bg7 6. Nc3 d6 7. e4 e5 8. d3 Ne7
9. Be3 O-O 10. Qd2 Nbc6 11. Bh6 f6 12. h4 Rf7 13. h5 Qf8 14. hxg6 hxg6 15. Bxg7
Rxg7 16. Nh4 Rh7 17. f4 Qh6 18. Nd5 Nxd5 19. exd5 Nd4 20. Rae1 exf4 21. Qxf4
Qxf4 22. Rxf4 g5 23. Rg4 Bc8 24. Re8+ Kf7 25. Rge4 gxh4 26. R4e7+ Kg6 27. Be4+
f5 28. Rg8+ Kh6 29. g4 Rxe7 0-1

[Event "Titled Tue 17th Jun Early"]
[Site "chess.com INT"]
[Date "2025.06.17"]
[Round "4"]
[White "Murthy, Pappu"]
[Black "Dinesh, Rajan M"]
[Result "0-1"]
[BlackTitle "CM"]
[WhiteElo "1838"]
[BlackElo "2133"]
[WhiteFideId "2013401"]
[BlackFideId "35060600"]
[EventDate "2025.06.17"]

1. e4 e5 2. Nf3 Nc6 3. Bc4 Nf6 4. d3 Bc5 5. Nc3 d6 6. Na4 Be6 7. Nxc5 dxc5 8.
Bxe6 fxe6 9. Bg5 h6 10. Bh4 Qd6 11. Qd2 O-O-O 12. O-O-O Nh5 13. Bxd8 Rxd8 14. g3
Rf8 15. Qe3 Nf6 16. Nd2 Ng4 17. Nc4 Qe7 18. Qd2 Nxf2 19. Rhf1 Nxd1 20. Rxd1 b5
21. Ne3 Qg5 22. Rf1 Rf6 23. c3 Qh5 24. Rxf6 gxf6 25. Qf2 Qg6 26. h3 Ne7 27. g4
h5 28. Kc2 hxg4 29. Nxg4 f5 30. Nxe5 Qf6 31. Ng4 Qg5 32. exf5 exf5 33. Ne5 f4
34. Qxc5 f3 35. d4 f2 36. Qxa7 Qf5+ 37. Kb3 Qe6+ 38. Ka3 Qd6+ 39. b4 Nc6 0-1

[Event "Titled Tue 17th Jun Early"]
[Site "chess.com INT"]
[Date "2025.06.17"]
[Round "4"]
[White "Rubes, Jan"]
[Black "Khafizova, Diana"]
[Result "1-0"]
[WhiteTitle "IM"]
[BlackTitle "WFM"]
[WhiteElo "2426"]
[BlackElo "2075"]
[WhiteFideId "338176"]
[BlackFideId "34378049"]
[EventDate "2025.06.17"]

1. c4 e6 2. Nc3 d5 3. d4 Nf6 4. cxd5 Nxd5 5. e4 Nxc3 6. bxc3 c5 7. Rb1 cxd4 8.
cxd4 Nc6 9. Nf3 Bb4+ 10. Bd2 Bxd2+ 11. Qxd2 O-O 12. h4 a6 13. h5 h6 14. Rh3 Kh8
15. Rg3 b5 16. d5 exd5 17. Qc3 Qf6 18. Qxf6 gxf6 19. exd5 Bf5 20. Rb2 Ne5 21.
Nxe5 fxe5 22. Bd3 Bh7 23. Bxh7 Kxh7 24. Ke2 Rad8 25. Rd2 Rd6 26. Re3 f6 27. Rc3
Rfd8 28. Rc7+ Kh8 29. Rc5 R8d7 30. Ke3 Kg7 31. g4 f5 32. gxf5 Kf6 33. Ke4 Kg5
34. Kxe5 Kxh5 35. Rc3 Kh4 36. Rd4+ Kh5 37. Rh3+ Kg5 38. Rg3+ Kh5 39. Rd1 1-0

[Event "Titled Tue 17th Jun Early"]
[Site "chess.com INT"]
[Date "2025.06.17"]
[Round "4"]
[White "Hrabinska, Myroslava"]
[Black "Shahinyan, Vladimir"]
[Result "0-1"]
[WhiteTitle "WGM"]
[BlackTitle "CM"]
[WhiteElo "2121"]
[BlackElo "2202"]
[WhiteFideId "14109190"]
[BlackFideId "13314599"]
[EventDate "2025.06.17"]

1. e4 e6 2. Nf3 d5 3. e5 c5 4. b4 cxb4 5. a3 Nc6 6. axb4 Bxb4 7. c3 Ba5 8. d4
Nge7 9. Bd3 Nf5 10. Bc2 O-O 11. Qd3 f6 12. exf6 Qxf6 13. g4 e5 14. dxe5 Nxe5 15.
Nxe5 Qxe5+ 16. Kd1 Bb6 17. gxf5 Bxf5 18. Qg3 Bxc2+ 19. Kxc2 Qe4+ 20. Kb2 Rxf2+
21. Nd2 Qxh1 22. Kb3 Rxd2 23. Bxd2 Qxa1 24. Bh6 Qb1+ 25. Ka4 Qa2+ 26. Kb4 a5+ 0-1

[Event "Titled Tue 17th Jun Early"]
[Site "chess.com INT"]
[Date "2025.06.17"]
[Round "4"]
[White "Iniyan, Pa"]
[Black "Tuguldur, Soninbayar"]
[Result "1-0"]
[WhiteTitle "GM"]
[BlackTitle "CM"]
[WhiteElo "2573"]
[BlackElo "2120"]
[WhiteFideId "25002767"]
[BlackFideId "4921224"]
[EventDate "2025.06.17"]

1. c4 e6 2. Nf3 d5 3. g3 Nf6 4. Bg2 Be7 5. O-O O-O 6. b3 c5 7. Bb2 d4 8. b4 Nc6
9. bxc5 Bxc5 10. d3 e5 11. Nbd2 h6 12. Nb3 Bd6 13. e3 dxe3 14. fxe3 Bf5 15. Nh4
Bh7 16. Nf5 Ne7 17. Nxh6+ Kh8 18. Bxb7 Rb8 19. Bg2 a5 20. d4 e4 21. d5 a4 22.
Bxf6 gxf6 23. Nd4 Ng8 24. Qh5 Nxh6 25. Qxh6 Kg8 26. Nf5 Bxf5 27. Rxf5 Be5 28.
Rh5 1-0

[Event "Titled Tue 17th Jun Early"]
[Site "chess.com INT"]
[Date "2025.06.17"]
[Round "4"]
[White "Popov, Tikhon"]
[Black "Bulgak, Damir"]
[Result "1-0"]
[WhiteTitle "CM"]
[BlackTitle "CM"]
[WhiteElo "2173"]
[BlackElo "2213"]
[WhiteFideId "24252026"]
[BlackFideId "13528882"]
[EventDate "2025.06.17"]

1. e4 c5 2. Nf3 Nc6 3. b4 Nxb4 4. c3 Nc6 5. d4 cxd4 6. cxd4 d5 7. exd5 Qxd5 8.
Nc3 Qa5 9. d5 Qxc3+ 10. Bd2 Qf6 11. dxc6 bxc6 12. Rc1 Bd7 13. Bc4 e6 14. O-O Ba3
15. Bg5 Qf5 16. Rc3 Bb2 17. Rd3 Bf6 18. Rxd7 Bxg5 19. Qd6 Rc8 20. Nxg5 Qxg5 21.
Rd1 Nh6 22. Ba6 Nf5 23. Qc5 Rb8 24. Rxa7 g6 25. Bf1 h5 26. Rdd7 h4 27. Rxf7 h3
28. Qxc6+ Kd8 29. Qd7# 1-0

[Event "Titled Tue 17th Jun Early"]
[Site "chess.com INT"]
[Date "2025.06.17"]
[Round "4"]
[White "Kozusek, Daniel"]
[Black "Harsha, Bharathakoti"]
[Result "0-1"]
[WhiteTitle "FM"]
[BlackTitle "GM"]
[WhiteElo "2345"]
[BlackElo "2527"]
[WhiteFideId "349500"]
[BlackFideId "5078776"]
[EventDate "2025.06.17"]

1. d4 e6 2. c4 b6 3. a3 Bb7 4. Nc3 f5 5. d5 Nf6 6. g3 Bd6 7. Bg2 O-O 8. Nf3 Na6
9. O-O Nc5 10. Nd4 a5 11. Qc2 Qe7 12. Rb1 Nce4 13. Nxe4 Nxe4 14. Bxe4 fxe4 15.
dxe6 dxe6 16. Be3 Be5 17. Nb5 Qf6 18. Nc3 Qg6 19. Rbd1 Rf5 20. Nxe4 Rh5 21. f3
Rxh2 22. Rf2 Bxe4 23. Qxe4 Qxg3+ 0-1

[Event "Titled Tue 17th Jun Early"]
[Site "chess.com INT"]
[Date "2025.06.17"]
[Round "4"]
[White "Sorokin, Aleksey"]
[Black "Arslanov, Shamil"]
[Result "1-0"]
[WhiteTitle "GM"]
[BlackTitle "IM"]
[WhiteElo "2530"]
[BlackElo "2410"]
[WhiteFideId "24176460"]
[BlackFideId "4192826"]
[EventDate "2025.06.17"]

1. d4 e5 2. dxe5 d6 3. Nf3 Nc6 4. Bf4 Bg4 5. exd6 Qf6 6. e3 Bxd6 7. Bxd6 O-O-O
8. Nc3 Rxd6 9. Bd3 Rd8 10. h3 Bh5 11. Qe2 Ne5 12. Be4 Ne7 13. Bxb7+ Kxb7 14.
Qb5+ Ka8 15. Qxe5 Bxf3 16. Qxf6 gxf6 17. gxf3 Rd6 18. Ke2 Rb8 19. Rab1 Rdb6 20.
Na4 Rc6 21. c3 Nd5 22. Rhd1 Rd6 23. Rd4 Re8 24. Rbd1 Ree6 25. Nc5 Re5 26. Ne4
Rd7 27. c4 f5 28. Rxd5 Rdxd5 29. Rxd5 Rxd5 30. cxd5 fxe4 31. fxe4 1-0

[Event "Titled Tue 17th Jun Early"]
[Site "chess.com INT"]
[Date "2025.06.17"]
[Round "4"]
[White "Mai, Alexander Oliver"]
[Black "Hehir, Michael"]
[Result "1-0"]
[WhiteTitle "CM"]
[WhiteElo "2171"]
[BlackElo "2009"]
[WhiteFideId "2313391"]
[BlackFideId "2047411"]
[EventDate "2025.06.17"]

1. e4 c5 2. Nf3 g6 3. d4 cxd4 4. Nxd4 Nc6 5. c4 Bg7 6. Be3 Nf6 7. Nc3 O-O 8. Be2
d6 9. f3 Nd7 10. O-O Nc5 11. Rc1 Bd7 12. Qd2 Rc8 13. Rfd1 Qa5 14. Bf1 Rfd8 15.
Bf2 a6 16. Nb3 Nxb3 17. axb3 Qb4 18. Qc2 Re8 19. Nd5 Qa5 20. Bb6 Nb4 21. Bxa5
Nxc2 22. Rxc2 f5 23. Nb6 Rc7 24. Nxd7 Rxd7 25. exf5 gxf5 26. Bc3 Bh6 27. Bd3 e6
28. Re2 Rf7 29. Bc2 b5 30. Rxd6 bxc4 31. bxc4 Rc7 32. Rdxe6 Rxe6 33. Rxe6 Rxc4
34. Rxh6 1-0

[Event "Titled Tue 17th Jun Early"]
[Site "chess.com INT"]
[Date "2025.06.17"]
[Round "4"]
[White "Villa, Ma. Elayza"]
[Black "Gubatayev, Ahmet"]
[Result "0-1"]
[BlackTitle "CM"]
[WhiteElo "1819"]
[BlackElo "2191"]
[WhiteFideId "5224292"]
[BlackFideId "14004526"]
[EventDate "2025.06.17"]

1. d4 d5 2. Bf4 c6 3. e3 Nf6 4. Nd2 g6 5. Bd3 Bg7 6. h3 O-O 7. Ngf3 c5 8. c3 Nc6
9. O-O Qb6 10. Rb1 Nd7 11. Bg3 Re8 12. dxc5 Nxc5 13. Bc2 a5 14. Nb3 Ne4 15. Qxd5
Nxg3 16. fxg3 Qxe3+ 17. Kh2 Be6 18. Qd2 Qxd2 19. Nfxd2 Rad8 20. Rbd1 b6 21. a3
Bd5 22. Nf3 e5 23. Nbd2 e4 24. c4 exf3 25. cxd5 fxg2 26. Kxg2 Rxd5 27. Bb3 Re2+
28. Rf2 Rxf2+ 29. Kxf2 Rd3 30. Bc4 Rd4 31. Ke3 Bh6+ 32. Ke2 Bxd2 33. Rxd2 Rxc4
34. g4 h5 35. Kf3 hxg4+ 36. hxg4 Ne5+ 37. Kg3 Rxg4+ 38. Kf2 Rf4+ 39. Kg3 g5 40.
Rd5 f6 41. Rd6 Nc4 42. b3 Nxd6 0-1

[Event "Titled Tue 17th Jun Early"]
[Site "chess.com INT"]
[Date "2025.06.17"]
[Round "4"]
[White "Sadubayev, Airat"]
[Black "Mitrabha, Guha"]
[Result "0-1"]
[WhiteTitle "FM"]
[BlackTitle "GM"]
[WhiteElo "2211"]
[BlackElo "2515"]
[WhiteFideId "13713264"]
[BlackFideId "5057000"]
[EventDate "2025.06.17"]

1. d4 Nf6 2. c4 e6 3. Nf3 b6 4. g3 Ba6 5. Qc2 Bb7 6. Bg2 c5 7. d5 exd5 8. cxd5
Nxd5 9. O-O Nc6 10. Rd1 Nc7 11. e4 Be7 12. Nc3 O-O 13. e5 Ne6 14. Be3 Rc8 15.
Qd2 Re8 16. Qxd7 Qxd7 17. Rxd7 Ba8 18. Rad1 Bf8 19. Nb5 a6 20. Nd6 Bxd6 21.
R7xd6 h6 22. h4 b5 23. a3 a5 24. Bf1 c4 25. a4 Nb4 26. Nd2 Nc2 27. Bb6 c3 28.
bxc3 bxa4 29. Nc4 a3 30. Rc1 a2 31. Rd2 a1=Q 32. Rdxc2 Qa4 33. Nxa5 Qe4 34. f3
Qxf3 35. Bg2 Qxg3 0-1